| 000 | 00784nam a22002057a 4500 | ||
|---|---|---|---|
| 005 | 20130729155904.0 | ||
| 008 | 130729b2011 mx ||||| |||| 00| 0 spa d | ||
| 020 | _a9786077607588 | ||
| 041 | _aspa | ||
| 044 | _amx | ||
| 082 |
_a333.72 _bP712p |
||
| 110 |
_aComisión nacional para el conocimiento y uso de la biodiversidad _bComisión nacional de áreas naturales protegidas _91083 |
||
| 245 |
_aPlaneación para la conservación de la biodiversidad terrestre en México : _bretos en un país megadiverso / |
||
| 260 |
_aMéxico, D.F. _bCONABIO _c2011 |
||
| 300 |
_a244 p. _bil., mapas, tablas. _c27 cm. |
||
| 650 | 6 |
_aBiodiversidad _zMéxico _91084 |
|
| 650 | 6 |
_aAreas protegidas _zMéxico _91085 |
|
| 650 | 6 |
_aConservación de la biodiversidad _zMéxico _91086 |
|
| 942 |
_2ddc _cImpreso |
||
| 999 |
_c7483 _d7483 |
||